Normal view
MARC view
Entry Topical Term
001 - CONTROL NUMBER
- control field: 55507
003 - CONTROL NUMBER IDENTIFIER
- control field: OSt
005 - DATE AND TIME OF LATEST TRANSACTION
- control field: 20250722110043.0
008 - FIXED-LENGTH DATA ELEMENTS
- fixed length control field: 250722|| aca||aabn | a|a d
040 ## - CATALOGING SOURCE
- Original cataloging agency: OSt
- Transcribing agency: OSt
150 ## - HEADING--TOPICAL TERM
- Topical term or geographic name entry element: Encampments, Judicial review, Social control, Shelters, homelessness.
670 ## - SOURCE DATA FOUND
- Source citation: Work cat.: (OSt): Flynn, Alexandra 55506, Social control and homeless encampments: Shifting the role of shelters through judicial review
